Statistiken für Die Bevölkerungsreichsten Städte der Welt

Klicken Sie hier um das Quiz zu spielen!

Allgemein

  • Dieses Quiz wurde 118 mal gespielt
  • Das Durchschnittsergebnis liegt bei 9 aus 15

Antwortstatistiken

EinwohnerzahlAntwort% Korrekt
39.105 MillionenTokio
94%
19,437 MillionenPeking
89%
20,902 MillionenNew York
86%
22,118 MillionenShanghai
82%
17,693 MillionenMoskau
74%
21,505 MillionenMexiko Stadt
67%
35,362 MillionenJakarta
63%
22,495 MillionenSão Paulo
57%
22,394 MillionenSeoul
54%
19,787 MillionenKairo
52%
31,870 MillionenDelhi
51%
23,971 MillionenManila
42%
21,489 MillionenGuangzhou
41%
17,573 Millionen
Bangkok
40%
18,698 MillionenKalkutta
30%

Verteilung der Resultate

Perzentil nach korrekt beantworteten Fragen

Anzahl Personen mit jedem Resultat

Ihre Resultats-Entwicklung

Sie haben dieses Quiz noch nicht gespielt